Statistics for Top 50 NHL Players 2021-2022

Click here to take the quiz!

General Stats

  • This quiz has been taken 450 times
    (368 since last reset)
  • The average score is 40 of 50

Answer Stats

#ChangeTeam / PositionPlayer% Correct
1Oilers / CConnor McDavid
99%
5Penguins / CSidney Crosby
99%
2Avalanche / CNathan MacKinnon
97%
64 ↑Maple Leafs / CAuston Matthews
96%
3Oilers / CLeon Draisaitl
96%
102 ↑Bruins / LWBrad Marchand
94%
1321 ↑Avalanche / DCale Makar
94%
179 ↓Capitals / LWAlexander Ovechkin
93%
710 ↑Lightning / GAndrei Vasilevskiy
92%
43 ↑Lightning / RWNikita Kucherov
92%
11Blackhawks / RWPatrick Kane
92%
183 ↑Maple Leafs / RWMitch Marner
91%
81 ↑Lightning / DVictor Hedman
91%
95 ↓Rangers / LWArtemi Panarin
90%
192 ↓Bruins / CPatrice Bergeron
90%
218 ↑Hurricanes / CSebastian Aho
89%
158 ↑Panthers / CAleksander Barkov
88%
126 ↓Bruins / RWDavid Pastrňák
87%
145 ↑Lightning / CBrayden Point
85%
2512 ↓Predators / DRoman Josi
84%
50NRCanadiens / GCarey Price
83%
168 ↑Avalanche / RWMikko Rantanen
83%
3315 ↓Penguins / CEvgeni Malkin
82%
4111 ↓Maple Leafs / CJohn Tavares
80%
22NRRangers / DAdam Fox
79%
208 ↑Golden Knights / RWMark Stone
79%
232 ↑Flames / LWJonathan Huberdeau
78%
37NRWild / GMarc-André Fleury
78%
38Canucks / CElias Pettersson
77%
2712 ↓Golden Knights / CJack Eichel
77%
3113 ↑Bruins / DCharlie McAvoy
75%
297 ↑Jets / GConnor Hellebuyck
75%
3012 ↑Islanders / CMathew Barzal
75%
488 ↓Panthers / LWMatthew Tkachuk
75%
35NRWild / LWKirill Kaprizov
74%
3917 ↓Rangers / CMika Zibanejad
72%
282 ↓Golden Knights / DAlex Pietrangelo
71%
3622 ↓Capitals / DJohn Carlson
71%
405 ↓Jets / LWKyle Connor
71%
265 ↑Blues / CRyan O'Reilly
71%
463 ↓Penguins / DKris Letang
70%
42NRPenguins / LWJake Guentzel
68%
243 ↑Jets / CMark Scheifele
68%
3213 ↑Stars / DMiro Heiskanen
67%
45NRCapitals / CNicklas Bäckström
65%
343 ↑Devils / DDougie Hamilton
64%
4311 ↓Blackhawks / DSeth Jones
62%
44NRGolden Knights / DShea Theodore
58%
49NRSenators / LWAlex DeBrincat
55%
471 ↑Hurricanes / LWMax Pacioretty
36%

Score Distribution

Percentile by Number Answered

Percent of People with Each Score

Your Score History

You have not taken this quiz since the last reset